000 01262nam0a22002651 4500
001 rc\845420
005 20041129092439.4
035 _a(NLR Aleph) 006026405
090 _a7482585
_c7482584
100 _a20041129d1984 u |0rusy50 ca
101 0 _arus
102 _aRU
105 _aa |||||||||
200 1 _aОборудование для подачи воды и пены современных пожарных автомобилей
_f[К. т. н. А.С. Мечев и инж. В.Н. Анисов]
210 _aМ.
_cЦНИИТЭстроймаш
_d1984
215 _a47 с.
_cил.
_d21
225 1 _aСтроительное, дорожное и коммунальное машиностроение
_eОбзор. информ.
_fЦНИИ информ. и техн.-экон. исслед. по строит., дор. и коммун. машиностроению
_vВып. 2
300 _aВ надзаг. также: М-во строит., дор. и коммун. машиностроения
700 1 _aМечев
_bА. С.
_gАлексей Сергеевич
701 1 _aАнисов
_bВ. Н.
_gВиктор Николаевич
801 0 _aRU
_bNLR
_gpsbo
801 1 _aRU
_bELAR
_2rusmarc
852 _aNLR
_jП10/5581
942 _cBOOK
980 _aNB